| 000 | 00574 a2200181 4500 | ||
|---|---|---|---|
| 999 |
_c8016 _d8016 |
||
| 010 | _aENG-88308 | ||
| 020 |
_a0195692098 _c795.00 |
||
| 035 | _aEN-71841 | ||
| 037 | _bDBAD / PUB | ||
| 082 | 1 | 4 | _a616.075 |
| 100 | _aUdwadia, Farokh Erach | ||
| 245 | 1 |
_aBedside clinics in medicine/ _cby Farokh Erach Udwadia |
|
| 260 |
_aNew Delhi _bOxford University Press _c2007 |
||
| 270 |
_aYMCA Library Building, Jai Singh Road _bNew Delhi _e110 001 |
||
| 300 |
_axi, 386p. _c24cm ( Hb) _bb&w photos |
||
| 500 | _aIncludes index | ||
| 942 |
_adpl _cEN _2ddc _h616.075 _mUDW |
||